El astronauta de Bohemia /

Shranjeno v:
Bibliografske podrobnosti
Glavni avtor: Kalfař, Jarosalav (autor)
Format: Knjiga
Jezik:španščina
Izdano: México : Tusquets, 2017, c2017
Serija:(Andanzas ; 907)
Teme:
Oznake: Označite
Brez oznak, prvi označite!

MARC

LEADER 00000nam^a2200000^a^4500
001 000554653
005 20250521000000.0
009 20260310131702.858
020 |a 978-607-07-4142-5 
037 |a Acervo ITESO - Biblioteca 
041 |a ESP 
082 |a 891. 86  |b KAL 
100 |a Kalfař, Jarosalav  |e (autor) 
245 1 3 |a El astronauta de Bohemia /  |c J. Kalfař ; tr. por Isabel Margelí Bailo. 
264 4 |a México :  |b Tusquets,  |c 2017, c2017 
300 |a 332 p. 
336 |a texto  |b txt  |2 rdacontenido 
337 |a sin mediación  |b n  |2 rdamedio 
338 |a volumen  |b nc  |2 rdasoporte 
440 1 |a (Andanzas ;  |v 907) 
500 |a Tradución de: Spaceman of Bohemia 
521 |a FIL 2022 DIA 
545 0 |a Jaroslav Kalfař nació en Praga en 1988 y emigró en 2003 a Estados Unidos, donde reside; aprendió el inglés viendo programas de televisión; se graduó en la Universidad Central de Florida e hizo maestría en Bellas Artes en la Universidad de Nueva York. Escribe ciencia ficción en un inglés con titubeos, detalle que capitaliza en la caracterización de sus personajes con un toque satírico; integra también a su literatura su melancolía por la República Checa; esa dicotomía entre sus raíces checas y su experiencia estadounidense es sello distintivo valioso de su ficción. Su primera novela, El astronauta de Bohemia (2017) recibió una gran aceptación, le mereció nominaciones a premios como el Fiction First Novel Prize, el Arthur C. Clarke Award, entre otros, y fue llevada al cine bajo el título de El astronauta (2023), dirigida por Johan Renck. Ha publicado también A Brief History of Living Forever (2023). 
649 |a XX 
650 |a Astronautas en la Literatura 
650 |a Extraterrestres en la Literatura 
650 |a Seres Fantásticos 
650 |a Distopías 
650 |a Viajes Interplanetarios 
650 |a Checos en EUA 
650 |a Literatura en Inglés 
650 |a Literatura de Ciencia-Ficción -  |z República Checa 
650 |a Literatura Checa -  |y Siglo XXI 
650 |a República Checa en la Literatura 
910 |a Fondo General 
920 |a Impresos - Libros 
930 |a Colección General 
940 |a Literatura 
905 |a 101 
901 |a 0500387816  |b IT1  |c LIT  |i C180918  |u 20250521 
902 |a https://opac.biblio.iteso.mx/vufind/Record/000554653